| 000 | 00329nam a2200133Ia 4500 | ||
|---|---|---|---|
| 008 | 190216s9999||||xx |||||||||||||| ||und|| | ||
| 100 | _aStefan H Robock And Leo M Solomon | ||
| 245 | 0 | _aInternational Development | |
| 250 | _a1st Ed. | ||
| 260 |
_bOceana Publications _c1966 |
||
| 300 | _a197 | ||
| 650 | _aEconomics | ||
| 942 | _cBK | ||
| 999 |
_c9173 _d9173 |
||